Financial management : (Record no. 153480)

MARC details
000 -LEADER
fixed length control field 00651nam a22002057a 4500
005 - DATE AND TIME OF LATEST TRANSACTION
control field 20180706112222.0
010 ## - LCCN (DPL NO)
LC control number ENG-123392
020 ## - INTERNATIONAL STANDARD BOOK NUMBER
Terms of availability 330.00
International Standard Book Number 9789352833276
035 ## - SYSTEM CONTROL NUMBER
System control number EN-106924
037 ## - SOURCE OF ACQUISITION
Source of stock number/acquisition DBAD/PUB
082 ## - DEWEY DECIMAL CLASSIFICATION NUMBER
Classification number 658.15
100 ## - MAIN ENTRY--PERSONAL NAME
Personal name Palanivelu, V.R.
245 00 - TITLE STATEMENT
Title Financial management :
Statement of responsibility, etc by V.R. Palanivelu
Remainder of title (theory, problems and solutions) /
250 ## - EDITION STATEMENT
Edition statement 3rd edn.
260 ## - PUBLICATION, DISTRIBUTION, ETC. (IMPRINT)
Place of publication, distribution, etc New Delhi
Name of publisher, distributor, etc S. Chand and Company
Date of publication, distribution, etc 2018
270 ## - ADDRESS
Address 7361, Ram Nagar,
City New Delhi
Postal code 110055
300 ## - PHYSICAL DESCRIPTION
Extent 445p.
Dimensions 27cm(pbk)
Other physical details ill.
500 ## - GENERAL NOTE
General note It include university question papers and appendix
942 ## - ADDED ENTRY ELEMENTS (KOHA)
Source of classification or shelving scheme Dewey Decimal Classification
Item type English Books
Call number suffix PAL
Classification part 658.15
Holdings
Withdrawn status Lost status Not for loan Collection code Home library Current library Date acquired Source of acquisition Cost, normal purchase price Full call number Barcode Copy number Cost, replacement price Koha item type Public note
  Lost and Paid For   Non-fiction Shahdara Branch Shahdara Branch 06/07/2018 DBAD/PUB 330.00 658.15 PAL EN-106924 1 330.00 English Books Book Cost Received vide R. No. 04/026

© Delhi Public Library
Hit Counter
free hit counter